ბათუმის შოთა რუსთაველის სახელმწიფო უნივერსიტეტის ბიბლიოთეკა

სკოლას:დამხმარე სახელმძღვ. ქართულ ლიტერეტურაში საშ.სკოლებისათვის (ბიბ.ჩანაწერი № 43856)

000 -LEADER
fixed length control field 01243nam a2200229Ia 4500
001 - CONTROL NUMBER
control field 10604
003 - CONTROL NUMBER IDENTIFIER
control field GE_BSU
008 - FIXED-LENGTH DATA ELEMENTS--GENERAL INFORMATION
fixed length control field 181216s||||||||xx |||||||||||||| ||und||
020 ## - INTERNATIONAL STANDARD BOOK NUMBER
International Standard Book Number 9789941446092
040 ## - CATALOGING SOURCE
Transcribing agency GE_BSU
100 ## - MAIN ENTRY--PERSONAL NAME
Personal name ბაქრაძე,აკაკი
245 ## - TITLE STATEMENT
Title სკოლას:დამხმარე სახელმძღვ. ქართულ ლიტერეტურაში საშ.სკოლებისათვის
245 ## - TITLE STATEMENT
Statement of responsibility, etc. შემდგ.რედ:ამირან გომართელი,ლევან ბრეგაძე. საგამომც.ჯგ:ეთერ ბაიდოშვილი,ნინო გურასპაული და სხვ. გარეკანის დიზაინი:ილია ხელაიასი.
260 ## - PUBLICATION, DISTRIBUTION, ETC.
Place of publication, distribution, etc. თბილისი
260 ## - PUBLICATION, DISTRIBUTION, ETC.
Name of publisher, distributor, etc. ინტელექტი
260 ## - PUBLICATION, DISTRIBUTION, ETC.
Date of publication, distribution, etc. 2013
300 ## - PHYSICAL DESCRIPTION
Extent 460გვ;22სმ
300 ## - PHYSICAL DESCRIPTION
Other physical details 1ფ.პორტრ.გარეკანზე.
653 ## - INDEX TERM--UNCONTROLLED
Uncontrolled term სკოლას:დამხმარე სახელმძღვ. ქართულ ლიტერეტურაში საშ.სკოლებისათვის
942 ## - ADDED ENTRY ELEMENTS (KOHA)
Koha item type წიგნი
ეგზემპლარები
Withdrawn status Lost status Damaged status Not for loan Date acquired Barcode Date last seen Price effective from Koha item type Public note
        2018-12-17 34781 2018-12-17 2018-12-17 წიგნი  
        2018-12-17 34782 2018-12-17 2018-12-17 წიგნი  
        2018-12-17 34783 2018-12-17 2018-12-17 წიგნი  
        2018-12-17 34784 2018-12-17 2018-12-17 წიგნი  
        2018-12-17 34785 2018-12-17 2018-12-17 წიგნი  
        2018-12-17 34786 2018-12-17 2018-12-17 წიგნი  
        2018-12-17 47537 2018-12-17 2018-12-17 წიგნი 12ლ.80თ.
        2018-12-17 47538 2018-12-17 2018-12-17 წიგნი 12ლ.80თ.
        2018-12-17 47539 2018-12-17 2018-12-17 წიგნი 12ლ.80თ.
        2018-12-17 47540 2018-12-17 2018-12-17 წიგნი 12ლ.80თ.
        2018-12-17 47541 2018-12-17 2018-12-17 წიგნი 12ლ.80თ.